Ako urobiť energetický audít budovy alebo od regulovania spotreby k princípu zachovania energie
Zachovanie energie znamená úspory energie, zlepšenie životného prostredia a ekonomický prínos. Projekt na zachovanie energie. Hodnotenie celkového potenciálu energetických úspor v budove a požadovaných investícií. Energetický audit a technicko-ekonomické vyhodnotenie. Kontrola spotreby energie. Hlav...
Guardado en:
| Autor principal: | |
|---|---|
| Otros Autores: | |
| Formato: | Capítulo de libro |
| Lenguaje: | eslovaco |
| Materias: | |
| Etiquetas: |
Sin Etiquetas, Sea el primero en etiquetar este registro!
|
MARC
| LEADER | 00000naa a2200000 4500 | ||
|---|---|---|---|
| 001 | r020993 | ||
| 005 | 20230921074137.6 | ||
| 041 | 0 | |a slo | |
| 044 | |a SK | ||
| 245 | 1 | 0 | |a Ako urobiť energetický audít budovy alebo od regulovania spotreby k princípu zachovania energie |c T. Dahlsveen, D. Petráš |
| 520 | |a Zachovanie energie znamená úspory energie, zlepšenie životného prostredia a ekonomický prínos. Projekt na zachovanie energie. Hodnotenie celkového potenciálu energetických úspor v budove a požadovaných investícií. Energetický audit a technicko-ekonomické vyhodnotenie. Kontrola spotreby energie. Hlavné údaje energetického auditu, ukážka kľúčových čísiel energetickej efektívnosti budov, ekonomická životnosť častí stavieb. | ||
| 610 | 2 | 0 | |a stavebníctvo |
| 610 | 2 | 0 | |a audit |
| 610 | 2 | 0 | |a energia |
| 610 | 2 | 0 | |a úspory energie |
| 610 | 2 | 0 | |a spotreba energie |
| 610 | 2 | 0 | |a budovy |
| 100 | 1 | |a Dahlsveen, T. | |
| 700 | 1 | |a Petráš, D. | |